000 00895nam a22002537a 4500
003 UA-OsUOA
001 30209
007 ta
008 20041108b un ||||| |||| 00| 0 ukr d
100 _aПаядайте-Васіляускєне Алдона-Владіслава
090 _a930.272
_bП22
942 _cBK
040 _aUA-OsUOA
_bukr
_cUA-OsUOA
_dUA-OsUOA
245 _aКириличні списки другого Литовського статуту
_bПалеографія, хронологія, кодикологія
_cПаядайте-Васіляускєне алдона-Владіслава
300 _a176 с.
955 _a0
041 _aukr
080 _a930.272
020 _a966-613-305-9
260 _aЛьвів
_bЛьвівський національн. універ. ім. І. Франка
_c2004
044 _aUA
650 7 _2UDC
999 _c316617
_d316617